[Event "Staufer op 34th"]
[Site "Schwaebisch Gmuend"]
[Date "2024.01.06"]
[Round "9"]
[White "Papadopoulos, Ioannis"]
[Black "Garner, Isaac"]
[Result "1/2-1/2"]
[WhiteElo "2143"]
[BlackElo "2303"]
[PlyCount "77"]
[EventDate "2024.01.02"]
[EventType "swiss"]
[EventRounds "9"]
[EventCountry "GER"]
[SourceTitle "CB02_2024"]
[SourceDate "2024.01.10"]
[SourceVersion "1"]
[SourceVersionDate "2024.01.10"]
[SourceQuality "1"]

1. e4 e5 2. Nf3 Nc6 3. Bc4 Nf6 4. d3 Bc5 5. c3 a5 6. 0-0 d6 7. Re1 0-0 8. Bg5 h6 9. Bh4 Ba7 10. Nbd2 g5 11. Nxg5 hxg5 12. Bxg5 Kg7 13. Qf3 Nb8 14. Nf1 Be6 15. Ng3 Nbd7 16. Nf5+ Bxf5 17. Qxf5 Rh8 18. Rad1 Rh5 19. d4 Qg8 20. g4 Rxg5 21. Qxg5+ Kf8 22. Qxg8+ Nxg8 23. Re3 Re8 24. Rf3 Re7 25. g5 Kg7 26. h4 Nb6 27. Bb3 a4 28. Bc2 f6 29. Kh2 exd4 30. cxd4 fxg5 31. Rg1 Rf7 32. Rxg5+ Kf8 33. Rxf7+ Kxf7 34. Ra5 Bb8 35. Bxa4 d5 36. Bb3 c5+ 37. Kg2 c4 38. Bc2 Nd7 39. Rb5 1/2-1/2

[Event "Staufer op 34th"]
[Site "Schwaebisch Gmuend"]
[Date "2024.01.05"]
[Round "7"]
[White "Dorst, Johannes"]
[Black "Papadopoulos, Ioannis"]
[Result "0-1"]
[WhiteElo "2242"]
[BlackElo "2143"]
[PlyCount "100"]
[EventDate "2024.01.02"]
[EventType "swiss"]
[EventRounds "9"]
[EventCountry "GER"]
[SourceTitle "CB02_2024"]
[SourceDate "2024.01.10"]
[SourceVersion "1"]
[SourceVersionDate "2024.01.10"]
[SourceQuality "1"]

1. e4 e5 2. Nf3 Nc6 3. Bb5 a6 4. Bxc6 dxc6 5. 0-0 Ne7 6. Nxe5 Qd4 7. Qh5 g6 8. Qg5 Bg7 9. Nd3 Be6 10. Nc5 h6 11. Nxe6 hxg5 12. Nxd4 Bxd4 13. d3 Be5 14. g3 g4 15. Nd2 0-0-0 16. Nc4 Bd4 17. c3 b5 18. Nd2 Bb6 19. d4 Rh5 20. Re1 c5 21. dxc5 Bxc5 22. Nf1 Nc6 23. Be3 Ne5 24. Bxc5 Nf3+ 25. Kh1 Nxe1 26. Rxe1 Rxc5 27. Kg2 Re5 28. h3 gxh3+ 29. Kxh3 f5 30. f3 c5 31. Kh4 fxe4 32. fxe4 Rf8 33. Nd2 Rf2 34. Rd1 Re7 35. Nb3 Rxe4+ 36. Kg5 Rg2 37. Kxg6 Rxg3+ 38. Kf5 Re8 39. Nxc5 Rf3+ 40. Kg6 Rg8+ 41. Kh7 Rg5 42. Rd8+ Kxd8 43. Ne6+ Ke8 44. Nxg5 Rf2 45. Kg6 Rxb2 46. Kf5 Rxa2 47. Ke5 Rd2 48. Ne4 Rd1 49. Nf2 Rd8 50. Ne4 Ke7 0-1

[Event "Staufer op 34th"]
[Site "Schwaebisch Gmuend"]
[Date "2024.01.03"]
[Round "4"]
[White "Papadopoulos, Ioannis"]
[Black "Bracker, Frank"]
[Result "1/2-1/2"]
[WhiteElo "2143"]
[BlackElo "2306"]
[PlyCount "119"]
[EventDate "2024.01.02"]
[EventType "swiss"]
[EventRounds "9"]
[EventCountry "GER"]
[SourceTitle "CB02_2024"]
[SourceDate "2024.01.10"]
[SourceVersion "1"]
[SourceVersionDate "2024.01.10"]
[SourceQuality "1"]

1. e4 e5 2. Nf3 Nc6 3. Bc4 Bc5 4. c3 Nf6 5. d3 d6 6. 0-0 a5 7. Bb3 h6 8. Re1 0-0 9. h3 Re8 10. Nbd2 Be6 11. Nf1 Bxb3 12. axb3 d5 13. Qc2 dxe4 14. dxe4 Qd7 15. Be3 Bf8 16. Ng3 Qe6 17. Red1 g6 18. Nd2 Red8 19. Nc4 b6 20. Na3 Na7 21. c4 Nd7 22. Rd2 Nc5 23. Rad1 Rxd2 24. Rxd2 Nc6 25. Nb5 Rc8 26. Nc3 Nb4 27. Qd1 c6 28. Rd8 Kg7 29. Rxc8 Qxc8 30. Na4 Nbd3 31. Nxb6 Qb7 32. Na4 Qxb3 33. Qxb3 Nxb3 34. Kf1 Bb4 35. Ke2 Ne1 36. Kf1 h5 37. Ne2 Nd3 38. f4 Bd2 39. Bb6 Bxf4 40. Nxf4 Nxf4 41. Be3 Kf6 42. h4 Ke6 43. g3 Nd3 44. Ke2 Nb4 45. Nc5+ Nxc5 46. Bxc5 f5 47. exf5+ Kxf5 48. b3 Kg4 49. Bb6 Kxg3 50. Bxa5 Nc2 51. Bc3 Kxh4 52. Bxe5 Nb4 53. Bd6 Na6 54. b4 Nxb4 55. Bxb4 Kg3 56. Bd6+ Kg2 57. Be7 Kg3 58. Bd6+ Kg2 59. Be7 Kg3 60. Bd6+ 1/2-1/2

[Event "Staufer op 34th"]
[Site "Schwaebisch Gmuend"]
[Date "2024.01.02"]
[Round "2"]
[White "Papadopoulos, Ioannis"]
[Black "Heinemann, Josefine"]
[Result "1/2-1/2"]
[WhiteElo "2143"]
[BlackElo "2361"]
[PlyCount "111"]
[EventDate "2024.01.02"]
[EventType "swiss"]
[EventRounds "9"]
[EventCountry "GER"]
[SourceTitle "CB02_2024"]
[SourceDate "2024.01.10"]
[SourceVersion "1"]
[SourceVersionDate "2024.01.10"]
[SourceQuality "1"]

1. e4 c5 2. Nf3 d6 3. d4 cxd4 4. Nxd4 Nf6 5. Nc3 a6 6. Be3 e5 7. Nf3 Be7 8. Bc4 0-0 9. 0-0 Nc6 10. Qe2 b5 11. Bb3 Na5 12. Bd5 Nxd5 13. Nxd5 Nc4 14. b3 Nxe3 15. Qxe3 f5 16. Rfd1 fxe4 17. Qxe4 Bf5 18. Nxe7+ Qxe7 19. Qd5+ Kh8 20. Qxd6 Qa7 21. Qxe5 Bg4 22. Qd4 Qxd4 23. Rxd4 Bxf3 24. gxf3 Rxf3 25. Rd3 Rf6 26. Rad1 Raf8 27. R1d2 Kg8 28. Rd6 Rxd6 29. Rxd6 Rc8 30. Rxa6 Rxc2 31. a3 Rc3 32. b4 Kf7 33. Kg2 g5 34. Rb6 Rxa3 35. Rxb5 Rb3 36. Rxg5 Rxb4 37. Kg3 Kf6 38. Ra5 Rb1 39. h4 Rb4 40. f3 Kg6 41. Rg5+ Kf6 42. Rh5 Kg6 43. Ra5 h5 44. Rg5+ Kh6 45. Re5 Kg6 46. Re6+ Kg7 47. Re4 Rb6 48. Kf4 Kf6 49. Ra4 Rc6 50. Rb4 Ra6 51. Rb8 Ra4+ 52. Kg3 Rc4 53. Rf8+ Kg7 54. Rf4 Rc6 55. Rd4 Kf6 56. Ra4 1/2-1/2

[Event "Staufer op 33rd"]
[Site "Schwaebisch Gmuend"]
[Date "2023.01.05"]
[Round "8"]
[White "Ehmann, Thilo"]
[Black "Papadopoulos, Ioannis"]
[Result "1-0"]
[WhiteElo "2426"]
[BlackElo "2126"]
[PlyCount "147"]
[EventDate "2023.01.02"]
[EventType "swiss"]
[EventRounds "9"]
[EventCountry "GER"]
[SourceTitle "CBM 212 Extra"]
[Source "ChessBase"]
[SourceDate "2023.03.31"]
[SourceVersion "1"]
[SourceVersionDate "2023.03.31"]
[SourceQuality "1"]

1. e4 c5 2. Nf3 e6 3. d4 cxd4 4. Nxd4 Nc6 5. Nc3 Qc7 6. f4 a6 7. Nxc6 bxc6 8. e5 d5 9. exd6 Bxd6 10. Qg4 g6 11. Bd3 Nf6 12. Qh4 Be7 13. Qf2 0-0 14. 0-0 c5 15. Qe2 Bb7 16. b3 Nd5 17. Nxd5 exd5 18. c4 Bf6 19. Rb1 Rae8 20. Qg4 dxc4 21. Bxc4 Bd4+ 22. Kh1 Be4 23. Rb2 Bf5 24. Qf3 a5 25. Re2 Qd7 26. Ree1 Rxe1 27. Rxe1 Re8 28. Rxe8+ Qxe8 29. Qe2 Qxe2 30. Bxe2 Bb1 31. a4 Bc3 32. Be3 Bb4 33. Kg1 Kf8 34. Kf2 Ke7 35. g4 Be4 36. Bc4 Bc6 37. Ke2 Bd7 38. h3 h5 39. Kf3 hxg4+ 40. hxg4 Bc6+ 41. Kg3 Be4 42. Kh4 Kf6 43. Bc1 Be1+ 44. Kh3 Bc3 45. Ba3 Bd4 46. Kg3 Ke7 47. Bc1 Bc3 48. Kf2 Bc6 49. Ba3 Bd4+ 50. Ke2 Bd7 51. g5 Bg4+ 52. Kd2 Bf5 53. Bc1 Be4 54. Bd3 Bd5 55. Kc2 Kd6 56. Bd2 Bf2 57. Bc4 Be4+ 58. Kd1 Bg3 59. Bxf7 Bd5 60. Bxg6 Bxb3+ 61. Bc2 Bg8 62. f5 Bh4 63. g6 Bd8 64. Bh6 c4 65. f6 Ke6 66. f7 Bxf7 67. gxf7 Kxf7 68. Kd2 Ke6 69. Ke3 Kd5 70. Kf4 Bc7+ 71. Kf5 Bb6 72. Be4+ Kc5 73. Ke6 Bc7 74. Kd7 1-0

[Event "Heusenstamm Schloss op"]
[Site "Heusenstamm"]
[Date "2022.11.20"]
[Round "7"]
[White "Papadopoulos, Ioannis"]
[Black "Haasner, Tom"]
[Result "1/2-1/2"]
[WhiteElo "2114"]
[BlackElo "1990"]
[PlyCount "102"]
[EventDate "2022.11.17"]
[EventType "swiss"]
[EventRounds "7"]
[EventCountry "GER"]
[SourceTitle "CBM 212 Extra"]
[Source "ChessBase"]
[SourceDate "2023.03.31"]
[SourceVersion "1"]
[SourceVersionDate "2023.03.31"]
[SourceQuality "1"]

1. e4 c5 2. Nf3 e6 3. d4 cxd4 4. Nxd4 Nf6 5. Nc3 Nc6 6. Ndb5 Bc5 7. Bf4 0-0 8. Bc7 Qe7 9. Bd6 Bxd6 10. Qxd6 Qxd6 11. Nxd6 Ne8 12. 0-0-0 Nxd6 13. Rxd6 f6 14. Bb5 Ne5 15. f4 Nf7 16. Rd2 d6 17. Bc4 Bd7 18. Ne2 Rfe8 19. Rhd1 Re7 20. Bb3 Kf8 21. g4 g6 22. h4 Bc6 23. Nd4 Bxe4 24. Re1 d5 25. f5 exf5 26. gxf5 gxf5 27. Rf1 Nd6 28. Ne2 Nc4 29. Bxc4 dxc4 30. Ng3 Rae8 31. Rd4 b5 32. Nxf5 Bxf5 33. Rxf5 Re1+ 34. Kd2 R1e2+ 35. Kc3 R8e3+ 36. Kb4 Rxc2 37. Kxb5 Re5+ 38. Rxe5 fxe5 39. Rxc4 Rxb2+ 40. Kc5 Rxa2 41. Kd6 Kf7 42. Kxe5 Kg6 43. Kf4 Kh5 44. Kg3 Ra3+ 45. Kg2 a5 46. Kh2 a4 47. Rb4 Ra1 48. Kg2 a3 49. Ra4 Kg6 50. Ra5 Kf6 51. Kh2 Kg6 1/2-1/2

[Event "Heusenstamm Schloss op"]
[Site "Heusenstamm"]
[Date "2022.11.19"]
[Round "4"]
[White "Papadopoulos, Ioannis"]
[Black "Hahn, Markus"]
[Result "1/2-1/2"]
[WhiteElo "2114"]
[BlackElo "2303"]
[PlyCount "120"]
[EventDate "2022.11.17"]
[EventType "swiss"]
[EventRounds "7"]
[EventCountry "GER"]
[SourceTitle "CBM 211 Extra"]
[Source "ChessBase"]
[SourceDate "2023.01.31"]
[SourceVersion "1"]
[SourceVersionDate "2023.01.31"]
[SourceQuality "1"]

1. e4 c5 2. Nf3 e6 3. d4 cxd4 4. Nxd4 a6 5. Bd3 Nf6 6. 0-0 Qc7 7. Qe2 d6 8. f4 Nbd7 9. c4 b6 10. Nc3 Bb7 11. Bd2 Be7 12. Rae1 0-0 13. Kh1 Rfe8 14. Nf3 g6 15. e5 Nh5 16. Be4 Rad8 17. Bxb7 Qxb7 18. f5 gxf5 19. Ng5 Ng7 20. exd6 Bxd6 21. Nh3 Nf8 22. Bh6 Ng6 23. Nf4 Qe7 24. Rf3 Qh4 25. Rh3 Nxf4 26. Rxh4 Nxe2 27. Rxe2 Be7 28. Rh3 Bf6 29. Kg1 Rd4 30. b3 Red8 31. Kf1 Rd3 32. Ree3 Rxe3 33. Rxe3 Ne8 34. Ke2 Bg7 35. Bf4 Kf8 36. Rd3 Ke7 37. Be3 Rb8 38. Na4 b5 39. cxb5 axb5 40. Nb6 Nd6 41. Bc5 Be5 42. a4 Kd8 43. Bxd6 Bxd6 44. Rxd6+ Kc7 45. Rd7+ Kxb6 46. Rxf7 bxa4 47. bxa4 Kc5 48. Rxh7 Rb4 49. a5 Ra4 50. Ra7 Kd5 51. h3 e5 52. Ra8 Ra2+ 53. Kf1 Ke4 54. a6 Ke3 55. Kg1 e4 56. a7 Ra1+ 57. Kh2 Kf4 58. h4 e3 59. h5 e2 60. Re8 Rxa7 1/2-1/2

[Event "Gladenbach IM"]
[Site "Gladenbach"]
[Date "2022.09.03"]
[Round "9"]
[White "Mirzoev, Emil"]
[Black "Papadopoulos, Ioannis"]
[Result "1-0"]
[WhiteElo "2498"]
[BlackElo "2107"]
[PlyCount "57"]
[EventDate "2022.08.29"]
[EventType "tourn"]
[EventRounds "11"]
[EventCountry "GER"]
[EventCategory "2"]
[SourceTitle "CBM 210 Extra"]
[Source "ChessBase"]
[SourceDate "2022.11.30"]
[SourceVersion "1"]
[SourceVersionDate "2022.11.30"]
[SourceQuality "1"]

1. d4 Nf6 2. c4 e6 3. Nc3 Bb4 4. e3 0-0 5. Bd3 d5 6. cxd5 exd5 7. a3 Bd6 8. Qc2 c6 9. Nge2 Re8 10. Bd2 Nbd7 11. 0-0 Nf8 12. f3 c5 13. dxc5 Bxc5 14. Nd4 Ne6 15. Nce2 Qb6 16. Bc3 Bd7 17. Qd2 Qd6 18. Nf5 Qf8 19. Neg3 Nf4 20. Bxf6 gxf6 21. Kh1 Ng6 22. f4 Ne7 23. Rf3 Nxf5 24. Bxf5 Rad8 25. Qd3 Bxf5 26. Nxf5 Re4 27. Rh3 Qe8 28. Qd1 Qe6 29. Qh5 1-0

[Event "Gladenbach IM"]
[Site "Gladenbach"]
[Date "2022.08.30"]
[Round "3"]
[White "Papadopoulos, Ioannis"]
[Black "Dubiel, Jacek"]
[Result "1/2-1/2"]
[WhiteElo "2107"]
[BlackElo "2396"]
[PlyCount "36"]
[EventDate "2022.08.29"]
[EventType "tourn"]
[EventRounds "11"]
[EventCountry "GER"]
[EventCategory "2"]
[SourceTitle "CBM 210 Extra"]
[Source "ChessBase"]
[SourceDate "2022.11.30"]
[SourceVersion "1"]
[SourceVersionDate "2022.11.30"]
[SourceQuality "1"]

1. e4 e5 2. Nf3 Nc6 3. Bc4 Bc5 4. c3 Nf6 5. d3 a6 6. a4 Ba7 7. 0-0 d6 8. Re1 0-0 9. h3 h6 10. Nbd2 Nh5 11. Nf1 Qf6 12. Be3 Nf4 13. d4 g5 14. dxe5 dxe5 15. Bxa7 Rxa7 16. Ne3 Rd8 17. Nd5 Qg7 18. Nh2 Be6 1/2-1/2

[Event "Gladenbach IM"]
[Site "Gladenbach"]
[Date "2022.08.30"]
[Round "2"]
[White "Stork, Oliver"]
[Black "Papadopoulos, Ioannis"]
[Result "0-1"]
[WhiteElo "2321"]
[BlackElo "2107"]
[PlyCount "118"]
[EventDate "2022.08.29"]
[EventType "tourn"]
[EventRounds "11"]
[EventCountry "GER"]
[EventCategory "2"]
[SourceTitle "CBM 210 Extra"]
[Source "ChessBase"]
[SourceDate "2022.11.30"]
[SourceVersion "1"]
[SourceVersionDate "2022.11.30"]
[SourceQuality "1"]

1. Nf3 Nf6 2. c4 e6 3. b3 d5 4. e3 c5 5. Bb2 Be7 6. cxd5 Qxd5 7. Nc3 Qd8 8. Qc2 Nc6 9. a3 b6 10. Bb5 Bd7 11. Rc1 0-0 12. 0-0 a6 13. Be2 Bc8 14. Ne4 Bb7 15. Neg5 g6 16. h4 Nd5 17. Nh2 Bxg5 18. hxg5 Qxg5 19. f4 Qe7 20. Ng4 f6 21. Bf3 Rad8 22. Qc4 Na5 23. Qc2 Nc6 24. Rf2 Kg7 25. Rcf1 Rd7 26. g3 h5 27. Nh2 e5 28. Be4 exf4 29. Bxd5 Rxd5 30. gxf4 Re8 31. Rg2 Qe4 32. Qxe4 Rxe4 33. f5 Ne5 34. fxg6 Bc8 35. Bxe5 Rexe5 36. Nf3 Bh3 37. Nxe5 Bxg2 38. Kxg2 Rxd2+ 39. Kf3 fxe5 40. Ke4 Kxg6 41. Kxe5 Rd3 42. e4 Rxb3 43. Rg1+ Kh6 44. Rh1 c4 45. a4 Kg6 46. Rg1+ Kh6 47. Kf6 Rf3+ 48. Ke6 c3 49. e5 c2 50. Rc1 Rc3 51. Kd7 b5 52. axb5 axb5 53. e6 b4 54. e7 Rd3+ 55. Ke6 Re3+ 56. Kf7 b3 57. Rg1 Rxe7+ 58. Kxe7 b2 59. Kf7 h4 0-1

[Event "Oberliga Ost-B 2122"]
[Site "Germany"]
[Date "2022.07.02"]
[Round "6.8"]
[White "Cress, Bastian"]
[Black "Papadopoulos, Ioannis"]
[Result "0-1"]
[WhiteElo "1605"]
[BlackElo "2066"]
[PlyCount "70"]
[EventDate "2021.10.10"]
[EventType "team-tourn"]
[EventRounds "11"]
[EventCountry "GER"]
[SourceTitle "EXT 2023"]
[Source "ChessBase"]
[SourceDate "2022.10.05"]
[SourceVersion "1"]
[SourceVersionDate "2022.10.05"]
[SourceQuality "1"]
[WhiteTeam "Stadtilm Blau Weiss"]
[BlackTeam "Oberursel"]
[WhiteTeamCountry "GER"]
[BlackTeamCountry "GER"]

1. e4 c5 2. Nc3 Nc6 3. Nge2 e6 4. g3 d5 5. exd5 exd5 6. d4 Nf6 7. Bg2 Bg4 8. h3 Bh5 9. g4 Bg6 10. 0-0 cxd4 11. Nxd4 Be7 12. Nce2 0-0 13. c3 Rc8 14. Be3 Ne5 15. Nf4 Nc4 16. Nxg6 hxg6 17. Bc1 Bc5 18. Nb3 Bb6 19. Re1 Re8 20. Rb1 Ne4 21. Nd4 Qh4 22. Rf1 Qf6 23. Nf3 Rcd8 24. Nd4 Bc7 25. f4 Bb6 26. Kh2 Qd6 27. Kg1 Rd7 28. f5 g5 29. Rf3 Rde7 30. Qc2 Bc7 31. b3 Qh2+ 32. Kf1 Ng3+ 33. Rxg3 Re1+ 34. Kf2 Qg1+ 35. Kf3 Ne5# 0-1

[Event "Rhein Main op-A 24th"]
[Site "Bad Homburg"]
[Date "2022.06.16"]
[Round "3"]
[White "Papadopoulos, Ioannis"]
[Black "Neukirchner, Pascal"]
[Result "1/2-1/2"]
[WhiteElo "2066"]
[BlackElo "2269"]
[PlyCount "68"]
[EventDate "2022.06.15"]
[EventType "swiss"]
[EventRounds "7"]
[EventCountry "GER"]
[SourceTitle "EXT 2023"]
[Source "ChessBase"]
[SourceDate "2022.10.05"]
[SourceVersion "1"]
[SourceVersionDate "2022.10.05"]
[SourceQuality "1"]

1. e4 c5 2. Nf3 Nc6 3. d4 cxd4 4. Nxd4 g6 5. Nc3 Bg7 6. Be3 Nf6 7. Bc4 0-0 8. Bb3 Re8 9. Nxc6 dxc6 10. Qxd8 Rxd8 11. a4 Ng4 12. Bg5 b6 13. h3 Bf6 14. Bxf6 Nxf6 15. Ke2 a5 16. Rhd1 Ba6+ 17. Ke3 e5 18. g3 Kf8 19. f4 Nh5 20. fxe5 Nxg3 21. Rd6 Rxd6 22. exd6 Rd8 23. Rd1 Bc8 24. Rg1 Nh5 25. Rf1 f6 26. h4 Rxd6 27. e5 Rd8 28. exf6 Bf5 29. f7 Nf6 30. Rd1 Rxd1 31. Nxd1 Ne4 32. Kf4 Nc5 33. Ne3 Nxb3 34. Nxf5 gxf5 1/2-1/2

[Event "Rhein Main op-A 24th"]
[Site "Bad Homburg"]
[Date "2022.06.15"]
[Round "1"]
[White "Froehlich Dill, Astrid"]
[Black "Papadopoulos, Ioannis"]
[Result "0-1"]
[WhiteElo "1795"]
[BlackElo "2066"]
[PlyCount "52"]
[EventDate "2022.06.15"]
[EventType "swiss"]
[EventRounds "7"]
[EventCountry "GER"]
[SourceTitle "EXT 2023"]
[Source "ChessBase"]
[SourceDate "2022.10.05"]
[SourceVersion "1"]
[SourceVersionDate "2022.10.05"]
[SourceQuality "1"]

1. d4 Nf6 2. Nf3 e6 3. c4 b6 4. Nc3 Bb7 5. Bg5 Bb4 6. e3 0-0 7. Bd3 h6 8. Bh4 d5 9. 0-0 dxc4 10. Bxc4 Nbd7 11. Rc1 c5 12. a3 Bxc3 13. Rxc3 Rc8 14. Qe2 Rc7 15. Bg3 Ne4 16. Bxc7 Nxc3 17. Bxd8 Nxe2+ 18. Bxe2 Rxd8 19. Rd1 Rc8 20. dxc5 Nxc5 21. Nd4 Na4 22. b3 Nc3 23. Re1 e5 24. Nc2 Nxe2+ 25. Rxe2 Be4 26. Ne1 Rc1 0-1

[Event "Heusenstamm Sparkassen op-A 7th"]
[Site "Heusenstamm"]
[Date "2021.11.21"]
[Round "7.14"]
[White "Asadzade, Idris"]
[Black "Papadopoulos, Ioannis"]
[Result "1/2-1/2"]
[WhiteElo "2228"]
[BlackElo "2005"]
[PlyCount "81"]
[EventDate "2021.11.18"]
[EventType "swiss"]
[EventRounds "7"]
[EventCountry "GER"]
[SourceTitle "EXT 2023"]
[Source "ChessBase"]
[SourceDate "2022.10.05"]
[SourceVersion "1"]
[SourceVersionDate "2022.10.05"]
[SourceQuality "1"]

1. c4 e5 2. g3 Nf6 3. Bg2 c6 4. d4 exd4 5. Qxd4 Na6 6. Nc3 Bc5 7. Qd2 Nc7 8. Nf3 d5 9. cxd5 Ncxd5 10. 0-0 0-0 11. Nxd5 cxd5 12. Qd3 h6 13. Be3 Bxe3 14. Qxe3 Re8 15. Qd3 Qb6 16. Nd4 Bg4 17. e3 Rac8 18. Nb3 Qe6 19. Rac1 b6 20. Nd4 Qd7 21. b4 Bh3 22. Rfd1 Ne4 23. Rxc8 Qxc8 24. Ne2 Bxg2 25. Kxg2 Qc4 26. a3 Rc8 27. Qxc4 dxc4 28. f3 Nf6 29. Nc3 Kf8 30. Kf2 Ke7 31. e4 a6 32. a4 a5 33. b5 Ke6 34. Ke3 g6 35. Ne2 Rc5 36. Nd4+ Ke7 37. Nc6+ Ke6 38. Kd4 Ne8 39. Nxa5 Rc7 40. Rb1 bxa5 41. b6 1/2-1/2

[Event "Heusenstamm Sparkassen op-A 7th"]
[Site "Heusenstamm"]
[Date "2021.11.21"]
[Round "6.31"]
[White "Papadopoulos, Ioannis"]
[Black "Speck, Stefan"]
[Result "1-0"]
[WhiteElo "2005"]
[BlackElo "1928"]
[PlyCount "121"]
[EventDate "2021.11.18"]
[EventType "swiss"]
[EventRounds "7"]
[EventCountry "GER"]
[SourceTitle "EXT 2023"]
[Source "ChessBase"]
[SourceDate "2022.10.05"]
[SourceVersion "1"]
[SourceVersionDate "2022.10.05"]
[SourceQuality "1"]

1. e4 c5 2. Nf3 e6 3. d4 cxd4 4. Nxd4 Nc6 5. Nc3 Qc7 6. Qd3 a6 7. Nxc6 Qxc6 8. g3 h5 9. h3 Qd6 10. Qe2 Qb4 11. Bg2 Ne7 12. 0-0 Nc6 13. a3 Qa5 14. Bf4 d6 15. Rad1 Ne5 16. Be3 b5 17. f4 Nc4 18. e5 Nxe3 19. Qxe3 Rb8 20. Bc6+ Bd7 21. Bxd7+ Kxd7 22. Qa7+ Qc7 23. Qxa6 Qc5+ 24. Kg2 h4 25. exd6 hxg3 26. f5 exf5 27. Rd5 Qc6 28. Qa7+ Rb7 29. Qa8 g6 30. Re1 Qc8 31. Qxc8+ Kxc8 32. Nxb5 Kd7 33. Kxg3 Rh5 34. Kg2 Rg5+ 35. Kf2 Rh5 36. Re3 f4 37. Ree5 Rxh3 38. Kg2 Rg3+ 39. Kf2 Rh3 40. Re2 f6 41. b4 g5 42. Rf5 g4 43. c4 Rh2+ 44. Ke1 Rxe2+ 45. Kxe2 f3+ 46. Kf2 Ke6 47. Rd5 Rh7 48. Kg3 Kd7 49. Kxg4 f2 50. Rf5 Rg7+ 51. Kh3 Bxd6 52. Nxd6 Kxd6 53. Rxf6+ Ke5 54. Rxf2 Kd4 55. Rf4+ Ke5 56. Rg4 Rh7+ 57. Kg2 Rd7 58. Kf2 Rd2+ 59. Ke3 Ra2 60. Rg5+ Kd6 61. Ra5 1-0

[Event "Heusenstamm Sparkassen op-A 7th"]
[Site "Heusenstamm"]
[Date "2021.11.20"]
[Round "5.40"]
[White "Rutsatz, Mario"]
[Black "Papadopoulos, Ioannis"]
[Result "0-1"]
[WhiteElo "1929"]
[BlackElo "2005"]
[PlyCount "116"]
[EventDate "2021.11.18"]
[EventType "swiss"]
[EventRounds "7"]
[EventCountry "GER"]
[SourceTitle "EXT 2023"]
[Source "ChessBase"]
[SourceDate "2022.10.05"]
[SourceVersion "1"]
[SourceVersionDate "2022.10.05"]
[SourceQuality "1"]

1. c4 e5 2. g3 Nf6 3. Bg2 c6 4. d4 exd4 5. Qxd4 Na6 6. Nf3 Bc5 7. Qe4+ Qe7 8. Qxe7+ Bxe7 9. Nc3 d5 10. cxd5 Nb4 11. 0-0 Nbxd5 12. Nxd5 Nxd5 13. e4 Nf6 14. Re1 0-0 15. h3 Bb4 16. Bd2 a5 17. a3 Bxd2 18. Nxd2 Be6 19. b4 Rfd8 20. Nf1 a4 21. Ne3 g6 22. e5 Nd5 23. Nxd5 Bxd5 24. Rad1 Bxg2 25. Kxg2 Kf8 26. f4 Ke7 27. Kf3 Rac8 28. Ke4 Rd5 29. g4 Rcd8 30. Rxd5 Rxd5 31. Re3 Rd1 32. f5 h5 33. fxg6 fxg6 34. gxh5 gxh5 35. Rg3 Re1+ 36. Kf5 Rf1+ 37. Kg5 Ke6 38. Kxh5 Kxe5 39. h4 b5 40. Kg6 Rf6+ 41. Kg7 Rf5 42. Rh3 Kf4 43. Kg6 Kg4 44. Rh1 Rd5 45. h5 Rd6+ 46. Kg7 Kg5 47. h6 Rd7+ 48. Kf8 Rh7 49. Rg1+ Kxh6 50. Rh1+ Kg6 51. Rxh7 Kxh7 52. Ke7 c5 53. bxc5 b4 54. c6 bxa3 55. c7 a2 56. c8Q a1Q 57. Qh3+ Kg8 58. Qg4+ Qg7+ 0-1

[Event "Heusenstamm Sparkassen op-A 7th"]
[Site "Heusenstamm"]
[Date "2021.11.19"]
[Round "2.9"]
[White "Baltic, Fatih"]
[Black "Papadopoulos, Ioannis"]
[Result "1/2-1/2"]
[WhiteElo "2303"]
[BlackElo "2005"]
[PlyCount "80"]
[EventDate "2021.11.18"]
[EventType "swiss"]
[EventRounds "7"]
[EventCountry "GER"]
[SourceTitle "EXT 2023"]
[Source "ChessBase"]
[SourceDate "2022.10.05"]
[SourceVersion "1"]
[SourceVersionDate "2022.10.05"]
[SourceQuality "1"]

1. Nf3 Nf6 2. g3 d5 3. Bg2 e6 4. 0-0 Be7 5. d3 0-0 6. Nbd2 c5 7. e4 Nc6 8. e5 Nd7 9. Re1 b5 10. Nf1 a5 11. h4 Ba6 12. h5 h6 13. N1h2 Re8 14. Bf4 b4 15. Qd2 Kh7 16. g4 f6 17. exf6 Bxf6 18. g5 Bxb2 19. Ng4 Bxa1 20. Rxa1 Nd4 21. Nxd4 cxd4 22. g6+ Kg8 23. Bxh6 gxh6 24. Nxh6+ Kf8 25. Re1 Qf6 26. Ng4 Qf5 27. Qh6+ Ke7 28. Qh7+ Kd6 29. Nh6 Qf4 30. g7 Nf6 31. Qg6 Kc5 32. Bh3 Qd2 33. Rxe6 Rxe6 34. Bxe6 Qe1+ 35. Kh2 Qxe6 36. g8Q Rxg8 37. Nxg8 Qe5+ 38. Kg2 Qxh5 39. Qxf6 Qg4+ 40. Kf1 Qd1+ 1/2-1/2

[Event "DSOL 02 Liga Gr-D 1st"]
[Site "Playchess.com INT"]
[Date "2020.07.07"]
[Round "3.1"]
[White "Deutschbein, Christopher"]
[Black "Papadopoulos, Ioannis"]
[Result "1/2-1/2"]
[WhiteElo "1990"]
[BlackElo "2124"]
[PlyCount "59"]
[EventDate "2020.06.22"]
[EventType "team-tourn (rapid)"]
[EventCountry "GER"]
[SourceTitle "EXT 2021"]
[Source "ChessBase"]
[SourceDate "2020.10.23"]
[SourceVersion "1"]
[SourceVersionDate "2020.10.23"]
[SourceQuality "1"]
[WhiteTeam "Eckernforder SC"]
[BlackTeam "Oberursel"]
[WhiteTeamCountry "GER"]
[BlackTeamCountry "GER"]

1. e4 c5 2. d3 Nc6 3. Be2 g6 4. f4 Bg7 5. Nf3 e6 6. 0-0 Nge7 7. c3 d6 8. Na3 Rb8 9. Nc2 b5 10. d4 cxd4 11. Nfxd4 a6 12. f5 Nxd4 13. Nxd4 exf5 14. Bg5 f6 15. Bh4 0-0 16. exf5 Nxf5 17. Nxf5 Bxf5 18. Qd5+ Kh8 19. Rad1 Qe7 20. Rfe1 Be4 21. Qxd6 Qb7 22. Bf1 f5 23. Qe7 Qxe7 24. Bxe7 Rfe8 25. Bc5 Rbc8 26. Bd4 Rcd8 27. Bb6 Rb8 28. Bd4 Rbd8 29. Bb6 Rb8 30. Bd4 1/2-1/2

[Event "DSOL 02 Liga Gr-D 1st"]
[Site "Playchess.com INT"]
[Date "2020.06.25"]
[Round "1.1"]
[White "Papadopoulos, Ioannis"]
[Black "Azimov, Stanislav"]
[Result "1-0"]
[WhiteElo "2124"]
[BlackElo "2027"]
[PlyCount "47"]
[EventDate "2020.06.22"]
[EventType "team-tourn (rapid)"]
[EventCountry "GER"]
[SourceTitle "EXT 2021"]
[Source "ChessBase"]
[SourceDate "2020.10.23"]
[SourceVersion "1"]
[SourceVersionDate "2020.10.23"]
[SourceQuality "1"]
[WhiteTeam "Oberursel"]
[BlackTeam "Chemnitz USG"]
[WhiteTeamCountry "GER"]
[BlackTeamCountry "GER"]

1. e4 c5 2. Nf3 Nf6 3. Nc3 d5 4. exd5 a6 5. d4 Nxd5 6. Bc4 Nxc3 7. bxc3 cxd4 8. Ne5 e6 9. 0-0 Qc7 10. cxd4 Bd6 11. Qe2 Nc6 12. Bb2 Bxe5 13. dxe5 0-0 14. Bd3 b5 15. a4 bxa4 16. Rxa4 Bb7 17. Bxh7+ Kh8 18. Qh5 Rfd8 19. Rh4 g6 20. Bxg6+ Kg7 21. Qh7+ Kf8 22. Rf4 Ke8 23. Rxf7 Ne7 24. Rxe7+ 1-0